000 00446nam a2200157 i 4500
001 32791
003 ES-MaACL
007 t|
008 030131s1975 sp ||||1| cat d
100 1 _aBertrana, Aurora.
_928513
245 1 0 _aMemáories del 1935 fins retorn a Catalunya /
_cAurora Bertrana.
250 _a[1ª ed.].
260 _aBarcelona :
_bPáortic,
_c[1975]
300 _a554 p., 4 lám. ;
_c20 cm.
852 _aES-MaACL
_jE-7896
_bR.92236
999 _c32791
_d32791